| Tag |
First Indicator |
Second Indicator |
Subfields |
| LEADER |
00000cam a2200000 a 4500 |
| 001 |
in00001069350 |
| 005 |
20150929093038.0 |
| 008 |
850129s1984 txuab b l00000 eng d |
| 035 |
|
|
|a (OCoLC)11630612
|
| 035 |
|
|
|9 AFM7775AM
|
| 040 |
|
|
|a IKM
|c IKM
|d UtOrBLW
|
| 049 |
|
|
|a IKMd
|
| 086 |
|
|
|a C980.8 C738tra
|2 txdocs
|
| 099 |
|
9 |
|a C980.8
|a C738tra
|
| 245 |
0 |
2 |
|a A comprehensive traffic analysis for the city of Belton, Texas :
|b Central Texas Council of Governments Killeen-Temple urban transportation study /
|c submitted by Traffic Engineers, Inc.
|
| 264 |
|
1 |
|a Houston :
|b Traffic Engineers, Inc.,
|c [1984]
|
| 300 |
|
|
|a 143 unnumbered leaves in various foliations :
|b illustrations (some folded), maps (some color) (some folded) ;
|c 28 cm.
|
| 336 |
|
|
|a text
|b txt
|2 rdacontent
|
| 337 |
|
|
|a unmediated
|b n
|2 rdamedia
|
| 338 |
|
|
|a volume
|b nc
|2 rdacarrier
|
| 500 |
|
|
|a "September 1984."
|
| 504 |
|
|
|a Bibliography: leaf [103]
|
| 650 |
|
0 |
|a Traffic surveys
|z Texas
|z Belton.
|
| 650 |
|
0 |
|a Traffic engineering
|z Texas
|z Belton.
|
| 710 |
2 |
|
|a Central Texas Council of Governments.
|
| 740 |
0 |
|
|a Killeen-Temple urban transportation study.
|
| 999 |
|
|
|a MARS
|
| 999 |
f |
f |
|s 0ee8c64a-18c7-3446-afd7-357c5620c969
|i 22f4b214-7e0d-350e-8b63-5b872906a0d5
|t 0
|
| 952 |
f |
f |
|p normal
|a Texas A&M University
|b College Station
|c Sterling C. Evans Library
|d Evans: Texas Documents (Annex 5th floor)
|t 0
|e C980.8 C738tra
|h Superintendent of Documents classification
|i unmediated -- volume
|m A14814920772
|
| 998 |
f |
f |
|a C980.8 C738tra
|t 0
|l Evans: Texas Documents (Annex 5th floor)
|